<?xml version="1.0" encoding="UTF-8"?>
<record
    xmlns:xsi="http://www.w3.org/2001/XMLSchema-instance"
    xsi:schemaLocation="http://www.loc.gov/MARC21/slim http://www.loc.gov/standards/marcxml/schema/MARC21slim.xsd"
    xmlns="http://www.loc.gov/MARC21/slim">

  <leader>04497nab a22009017  4500</leader>
  <controlfield tag="003">AR-RoUNA</controlfield>
  <datafield tag="022" ind1=" " ind2=" ">
    <subfield code="a">0327-9022</subfield>
  </datafield>
  <datafield tag="040" ind1=" " ind2=" ">
    <subfield code="a">AR-RoUNA</subfield>
    <subfield code="b">spa</subfield>
  </datafield>
  <datafield tag="041" ind1=" " ind2=" ">
    <subfield code="a">spa</subfield>
  </datafield>
  <datafield tag="044" ind1=" " ind2=" ">
    <subfield code="a">ag</subfield>
  </datafield>
  <datafield tag="245" ind1=" " ind2=" ">
    <subfield code="a">Summa+ / </subfield>
    <subfield code="b">VIVIENDA COLECTIVA</subfield>
  </datafield>
  <datafield tag="260" ind1=" " ind2=" ">
    <subfield code="a">Buenos Aires ,</subfield>
    <subfield code="c">1993</subfield>
  </datafield>
  <datafield tag="300" ind1=" " ind2=" ">
    <subfield code="a">128 p. :</subfield>
    <subfield code="b">il. byn.</subfield>
    <subfield code="b">planos</subfield>
    <subfield code="c">34 X25 cm.</subfield>
  </datafield>
  <datafield tag="505" ind1="0" ind2=" ">
    <subfield code="t">INDICE</subfield>
  </datafield>
  <datafield tag="505" ind1="0" ind2=" ">
    <subfield code="t">CONTENTS</subfield>
  </datafield>
  <datafield tag="505" ind1="0" ind2=" ">
    <subfield code="t">VIVIENDA COLECTIVA - ESPA&#xD1;A</subfield>
  </datafield>
  <datafield tag="505" ind1="0" ind2=" ">
    <subfield code="t">ELEGANCIA, SOMBRAS Y REFLEJOS</subfield>
  </datafield>
  <datafield tag="505" ind1="0" ind2=" ">
    <subfield code="a">I&#xF1;aqui &#xC1;balos + Renata Sentkiewicz / Vivienda en la calle Orfilia, Madrid, 2009. p. 6 </subfield>
  </datafield>
  <datafield tag="505" ind1="0" ind2=" ">
    <subfield code="t">VIVIENDA COLECTIVA - MEXICO</subfield>
  </datafield>
  <datafield tag="505" ind1="0" ind2=" ">
    <subfield code="t">EXTRUSI&#xD3;N HORIZONTAL</subfield>
  </datafield>
  <datafield tag="505" ind1="0" ind2=" ">
    <subfield code="a">Julio Gaeta y Luby Springall / 4 Casas LCC, M&#xE9;xico, 2007. p. 14</subfield>
  </datafield>
  <datafield tag="505" ind1="0" ind2=" ">
    <subfield code="t">VIVIENDA COLECTIVA - PORTUGAL</subfield>
  </datafield>
  <datafield tag="505" ind1="0" ind2=" ">
    <subfield code="t">OPACIDAD Y TRANSPARENCIA</subfield>
  </datafield>
  <datafield tag="505" ind1="0" ind2=" ">
    <subfield code="a">Jo&#xE4;o Luis Carrilho de Gra&#xE7;a / Edificio de viviendas en Das Amoreiras, Lisboa, 2009. p. 22</subfield>
  </datafield>
  <datafield tag="505" ind1="0" ind2=" ">
    <subfield code="t">VIVIENDA COLECTIVA - BRASIL</subfield>
  </datafield>
  <datafield tag="505" ind1="0" ind2=" ">
    <subfield code="t">VARIACION Y FLEXIBILIDAD</subfield>
  </datafield>
  <datafield tag="505" ind1="0" ind2=" ">
    <subfield code="a">Vinicius Andrade, Marcelo Morettin / Edificio de viviendas en la Calle Aimber&#xE9;, San Pablo, 2009. p. 28</subfield>
  </datafield>
  <datafield tag="505" ind1="0" ind2=" ">
    <subfield code="t">VIVIENDA COLECTIVA - ENSAYO</subfield>
  </datafield>
  <datafield tag="505" ind1="0" ind2=" ">
    <subfield code="a">Fernando Diez / T&#xE1;cticas de infiltraci&#xF3;n: diez a&#xF1;os de experimentaci&#xF3;n en Buenos Aires. p. 34</subfield>
  </datafield>
  <datafield tag="505" ind1="0" ind2=" ">
    <subfield code="t">VIVIENDA COLECTIVA - BUENOS AIRES</subfield>
  </datafield>
  <datafield tag="505" ind1="0" ind2=" ">
    <subfield code="t">ESTO NO ES UNA CASA</subfield>
  </datafield>
  <datafield tag="505" ind1="0" ind2=" ">
    <subfield code="a">Marcelo Del Toro / Edificio Zapiola 2951, Ciudad autonoma de Buenos Aires, 2006. p. 40</subfield>
  </datafield>
  <datafield tag="505" ind1="0" ind2=" ">
    <subfield code="t">A DOS PUNTAS</subfield>
  </datafield>
  <datafield tag="505" ind1="0" ind2=" ">
    <subfield code="a">Fausto Amadeo, Leandro Adig&#xF3;, Mar&#xED;a Obarrio, Gustavo Keller, Diego Collins, Tom&#xE1;s Portuges, Maria Pia Giraudo, Lucia Mazzini y Daniela Ossuna - 2H Architecture + ART + Business, Ciudad autonoma de Buenos Aires, 2009. p. 48</subfield>
  </datafield>
  <datafield tag="505" ind1="0" ind2=" ">
    <subfield code="t">FACHADAS MUTANTES</subfield>
  </datafield>
  <datafield tag="505" ind1="0" ind2=" ">
    <subfield code="a">Esteban Caram, Gustavo Robinsohn / Edificio T&#xFA;nez 2563, Ciudad autonoma de Buenos Aires, 2009. p. 56</subfield>
  </datafield>
  <datafield tag="505" ind1="0" ind2=" ">
    <subfield code="a">Esteban Caram, Gustavo Robinsohn, N&#xE9;stor Hern&#xE1;ez / Edificio Moldes 1055, Ciudad autonoma de Buenos Aires, 2005. p. 60</subfield>
  </datafield>
  <datafield tag="505" ind1="0" ind2=" ">
    <subfield code="t">ESQUINA EN CURVAS</subfield>
  </datafield>
  <datafield tag="505" ind1="0" ind2=" ">
    <subfield code="a">RTN / Javier Rivarola, Gustavo Trosman, Ricardo Norton / Edificio Arredondo 2688, ciudad autonoma de Buenos Aires, 2009. p. 64</subfield>
  </datafield>
  <datafield tag="505" ind1="0" ind2=" ">
    <subfield code="a">EXPOSICIONES</subfield>
  </datafield>
  <datafield tag="505" ind1="0" ind2=" ">
    <subfield code="a">Carlos Sambricio / La vivienda protegida: historia de una necesidad. p. 68</subfield>
  </datafield>
  <datafield tag="505" ind1="0" ind2=" ">
    <subfield code="t">LOS CUATRO ESPACIOS</subfield>
  </datafield>
  <datafield tag="505" ind1="0" ind2=" ">
    <subfield code="a">La solucion de un problema. p. 70</subfield>
  </datafield>
  <datafield tag="505" ind1="0" ind2=" ">
    <subfield code="a">La solucion de un problema. p. 72</subfield>
  </datafield>
  <datafield tag="505" ind1="0" ind2=" ">
    <subfield code="a">Diez ejemplos de excelencia. p. 74</subfield>
  </datafield>
  <datafield tag="505" ind1="0" ind2=" ">
    <subfield code="a">Rehabilitacion Urbana. p. 77</subfield>
  </datafield>
  <datafield tag="505" ind1="0" ind2=" ">
    <subfield code="t">VIVIENDA COLECTIVA - CONJUNTOS SUBURBANOS</subfield>
  </datafield>
  <datafield tag="505" ind1="0" ind2=" ">
    <subfield code="a">Luis O`Grady / Vivir en los suburbios. p. 78</subfield>
  </datafield>
  <datafield tag="505" ind1="0" ind2=" ">
    <subfield code="t">VIVIENDA COLECTIVA - SAN ISIDRO</subfield>
  </datafield>
  <datafield tag="505" ind1="0" ind2=" ">
    <subfield code="t">DEPARTAMENTOS SUBURBANOS</subfield>
  </datafield>
  <datafield tag="505" ind1="0" ind2=" ">
    <subfield code="a">Rodolfo Recondo / San Isidro LDFT, provincia de Buenos Aires, 2007. p. 80</subfield>
  </datafield>
  <datafield tag="505" ind1="0" ind2=" ">
    <subfield code="t">FRENTE PROPIO, FONDO COM&#xDA;N </subfield>
  </datafield>
  <datafield tag="505" ind1="0" ind2=" ">
    <subfield code="a">Estudio AFRA, Pablo Ferreiro, Saturnino Armendares, Joaquin Leunda / Edificio de vivienda agrupada Onelli y Diego Palma, San Isidro, 2008. p. 88</subfield>
  </datafield>
  <datafield tag="505" ind1="0" ind2=" ">
    <subfield code="t">VIVIENDA COLECTIVO  - OLIVOS</subfield>
  </datafield>
  <datafield tag="505" ind1="0" ind2=" ">
    <subfield code="t">CARA AL RIO </subfield>
  </datafield>
  <datafield tag="505" ind1="0" ind2=" ">
    <subfield code="a">Gabriel Gambotto, Gast&#xF3;n S&#xE1;nchez Guex, Roberto Lescano / Olivos Puerto, Olivos, 2007. p. 94</subfield>
  </datafield>
  <datafield tag="505" ind1="0" ind2=" ">
    <subfield code="t">DOCUMENTOS - MAR DEL PLATA</subfield>
  </datafield>
  <datafield tag="505" ind1="0" ind2=" ">
    <subfield code="a">Patricia M&#xE9;ndez / Mar del Plata para mirar y para mostrar: acerca del encanto de las tarjetas postales. p. 100</subfield>
  </datafield>
  <datafield tag="505" ind1="0" ind2=" ">
    <subfield code="t">PROYECTOS</subfield>
  </datafield>
  <datafield tag="505" ind1="0" ind2=" ">
    <subfield code="t">DSEFICACI&#xD3;N SOSTENIBLE</subfield>
  </datafield>
  <datafield tag="505" ind1="0" ind2=" ">
    <subfield code="a">Adamo - Faiden / Casas Murere, Provincia de Buenos Aires, 2009. p. 108</subfield>
  </datafield>
  <datafield tag="505" ind1="0" ind2=" ">
    <subfield code="t">VIVIENDA COLECTIVA - PUEBLO RANQUEL</subfield>
  </datafield>
  <datafield tag="505" ind1="0" ind2=" ">
    <subfield code="a">Fernando Diez / Una excursi&#xF3;n al pasado perdido, RNP 27, km 260, 2009. p. 112</subfield>
  </datafield>
  <datafield tag="505" ind1="0" ind2=" ">
    <subfield code="t">FRAGMENTOS - CUADERNOS DE VIAJES</subfield>
  </datafield>
  <datafield tag="505" ind1="0" ind2=" ">
    <subfield code="a">Ignacio Ros de Olano / Bah&#xED;a de S&#xE4;o Salvador en Papel. p. 119</subfield>
  </datafield>
  <datafield tag="505" ind1="0" ind2=" ">
    <subfield code="t">FRAGMENTOS - DISQUISIONES</subfield>
  </datafield>
  <datafield tag="505" ind1="0" ind2=" ">
    <subfield code="a">Segunda Parte: La desventurada historia de un signo. p. 120</subfield>
  </datafield>
  <datafield tag="505" ind1="0" ind2=" ">
    <subfield code="t">FRAGMENTOS - TEXTURAS</subfield>
  </datafield>
  <datafield tag="505" ind1="0" ind2=" ">
    <subfield code="a">Roberto Fernandez / Laboratorio de paisaje: el sitio Roberto Burle Marx en Rio. p. 123</subfield>
  </datafield>
  <datafield tag="505" ind1="0" ind2=" ">
    <subfield code="a">Mario Sabugo / Washington, la cuarta Roma. p. 126</subfield>
  </datafield>
  <datafield tag="505" ind1="0" ind2=" ">
    <subfield code="a">Marcelo Corti / Confusi&#xF3;n y Oportunidad. p. 128</subfield>
  </datafield>
  <datafield tag="650" ind1=" " ind2=" ">
    <subfield code="a">Arquitectura contempor&#xE1;nea</subfield>
  </datafield>
  <datafield tag="773" ind1="0" ind2=" ">
    <subfield code="a">Summa+</subfield>
    <subfield code="d">Buenos Aires, Argentina</subfield>
    <subfield code="g">N&#xBA;107 (abr-2010), p. 128</subfield>
    <subfield code="x">0327-9022</subfield>
  </datafield>
  <datafield tag="908" ind1=" " ind2=" ">
    <subfield code="a">Imp</subfield>
  </datafield>
  <datafield tag="942" ind1=" " ind2=" ">
    <subfield code="2">udc</subfield>
    <subfield code="c">ART</subfield>
  </datafield>
  <datafield tag="945" ind1=" " ind2=" ">
    <subfield code="a">MBP</subfield>
    <subfield code="d">2022-07-08</subfield>
  </datafield>
  <datafield tag="980" ind1=" " ind2=" ">
    <subfield code="8">138</subfield>
    <subfield code="g">Carolina Rainero</subfield>
    <subfield code="6">138</subfield>
    <subfield code="a">Carolina Rainero</subfield>
  </datafield>
  <datafield tag="999" ind1=" " ind2=" ">
    <subfield code="c">12160</subfield>
    <subfield code="d">12160</subfield>
  </datafield>
  <datafield tag="952" ind1=" " ind2=" ">
    <subfield code="0">0</subfield>
    <subfield code="1">0</subfield>
    <subfield code="2">udc</subfield>
    <subfield code="4">0</subfield>
    <subfield code="7">0</subfield>
    <subfield code="a">AR-RoUNA</subfield>
    <subfield code="b">AR-RoUNA</subfield>
    <subfield code="d">2025-10-06</subfield>
    <subfield code="l">0</subfield>
    <subfield code="p">1002804</subfield>
    <subfield code="r">2025-10-06</subfield>
    <subfield code="t">ej. 1</subfield>
    <subfield code="w">2025-10-06</subfield>
    <subfield code="y">ART</subfield>
    <subfield code="k"></subfield>
    <subfield code="x"></subfield>
  </datafield>
</record>
